European Countries with the Youngest Population - Statistics

General Stats
  • This quiz has been taken 401 times
  • The average score is 7 of 10
Answer Stats
Average age Country % Correct
40.5 United Kingdom
97%
36.8 Ireland
87%
39.2 Norway
74%
40.7 Poland
73%
39.6 Russia
73%
40.6 Ukraine
73%
36.5 Iceland
72%
40.0 Belarus
64%
40.5 Slovakia
52%
39.3 Luxembourg
41%
No matching quizzes found
Score Distribution
Percent of People with Each Score
Percentile by Number Answered
Your Score History
You have not taken this quiz